000 00764nam a2200229Ii 4500
003 JO-AjNU
008 230605s9999||||xx |||||||||||||| ||und||
017 _a15506
020 _a978-977-6274-51-9
040 _aJO-AjNU
_bara
_erda
_cJO-AjNU
041 _aara
050 1 4 _aHB180.A7.K427.2010
100 3 _aشامية،احمد زهير/صالح خصاونة/محمد ظافر محبك,
_eauthor
_933782
245 0 0 _aمبادىء الاقتصاد2
250 _aط2
264 3 1 _aالقاهرة:الشركة العربية المتحدة للتسويق والتوريدات ،2010
300 _a448ص
336 _atext
_btxt
_2rdacontent
337 _aunmediated
_bn
_2rdamedia
338 _avolume
_bnc
_2rdacarrier
650 4 _aالاقتصاد
_933783
999 _aA13784
_c17352
_d17352